01218nam a2200217 i 450000100060000000300090000600500170001500700030003200800410003510000360007624501600011226000590027230000210033150003690035250000410072161000450076261000440080774000290085185200250088085600950090582066ES-MaACL20250930063104.0t|041116s1892 sp ||||1| spa d1 aFerreiro, Martín, d1830-189610aInfluencia del descubrimiento del nuevo mundo en las ciencias geográficas / cconferencia de Martín Ferreiro, pronunciada el día 28 de abril de 1892. aMadrid : b[s.n.], c1892 (fSucesores de Rivadeneyra) a30 p. ; c25 cm. aForma parte de:"El continente americano : conferencias dadas en el Ateneo Científico, Literario y Artístico de Madrid con motivo del Cuarto Centenario del Descubrimiento de América", Madrid 1894, título que agrupa todas las conferencias del ciclo en tres volúmenes, cada una de ellas con portada y año propios. Esta publicación pertenece al tomo 3º. aPrecede al tít.: Ateneo de Madrid.2 aAteneo de Madrid-vConferencias-yS.XIX.2 aAteneo de Madrid-vObras digitalizadas.3 aEl continente americano. aES-MaACLjR-2605(16)4 uhttp://www.ateneodemadrid.com/biblioteca_digital/folletos/Folletos-0070.pdfzVer documento